Kedves Gizi

Elmentve itt :
Bibliográfiai részletek
Szerző: Szent-Györgyi Albert
Dokumentumtípus: Cikk
Megjelent: Gondolat Budapest 1967
Sorozat:Kedves Bajor Gizi! : levelek Bajor Gizihez
Kulcsszavak:Bajor Gizi
Online Access:http://misc.bibl.u-szeged.hu/73950
LEADER 00638nab a2200181 i 4500
001 misc73950
005 20241018111225.0
008 231213s1967 hu o 000 hun d
040 |a SZTE Miscellanea Repozitórium  |b hun 
041 |a hun 
100 2 |a Szent-Györgyi Albert 
245 1 0 |a Kedves Gizi  |h [elektronikus dokumentum] /  |c  Szent-Györgyi Albert 
260 |a Gondolat  |b Budapest  |c 1967 
300 |a 204-205 
490 0 |a Kedves Bajor Gizi! : levelek Bajor Gizihez 
561 |a Szent-Györgyi Albert tudományos és egyéb írásai 
695 |a Bajor Gizi 
856 4 0 |u http://misc.bibl.u-szeged.hu/73950/1/szgya_magyar_329.pdf  |z Dokumentum-elérés